000 00369nam a2200145Ia 4500
008 240624s9999 xx 000 0 und d
041 _aeng
082 _a658.1 FRA
100 _aFRANKEL MICHAEL E S
245 _aMERGERS AND ACQUISITIONS BASICS THE KEY
250 _a(2nd ed.)
260 _c2017
_aNew Jersey
_bWiley
300 _axi, 342 p.; 23 cm.
365 _c
_b28
999 _c30318
_d30318